| 000 | 00350nam a2200133Ia 4500 | ||
|---|---|---|---|
| 008 | 240624s9999 xx 000 0 und d | ||
| 041 | _aeng | ||
| 082 | _a659.1 TIW | ||
| 100 | _aTIWARI SANJAY | ||
| 245 | _aUN COMMON SENSE OF ADVERTISING GETTING THE BASICS RIG | ||
| 260 |
_c2003 _aNew Delhi _bResponse Books |
||
| 300 | _a320 : p. | ||
| 365 |
_cRS _b34 |
||
| 999 |
_c13950 _d13950 |
||